Обработка титанового сплава ВТ22 концевыми фрезами из быстрорежущей стали; Повышение производительности труда и эффективность обработки металлов резанием

Bibliografiske detaljer
Parent link:Повышение производительности труда и эффективность обработки металлов резанием.— 1975.— С. 65-67
Hovedforfatter: Полетика М. Ф.
Andre forfattere: Кужларов В. Н., Сбоев В. Н.
Udgivet: 1975
Fag:
Format: MixedMaterials Book Chapter
KOHA link:https://koha.lib.tpu.ru/cgi-bin/koha/opac-detail.pl?biblionumber=593968

MARC

LEADER 00000naa0a2200000 4500
001 593968
005 20250611115547.0
035 |a (RuTPU)RU\TPU\tpu\8006 
090 |a 593968 
100 |a 20020118d1975 k||y0rusy50 ca 
102 |a RU 
200 1 |a Обработка титанового сплава ВТ22 концевыми фрезами из быстрорежущей стали  |f М. Ф. Полетика, В. Н. Кужларов, В. Н. Сбоев 
463 |t Повышение производительности труда и эффективность обработки металлов резанием  |v С. 65-67  |d  1975 
610 1 |a резание металлов 
610 1 |a титановые сплавы 
610 1 |a концевые фрезы 
610 1 |a труды учёных ТПУ 
700 1 |a Полетика  |b М. Ф. 
701 1 |a Кужларов  |b В. Н. 
701 1 |a Сбоев  |b В. Н. 
801 0 |a RU  |b 63413507  |c 20020118  |g PSBO 
801 2 |a RU  |b 63413507  |c 20090915  |g RCR 
850 |a 63413507 
942 |c BK